|
|
|
|
| LEADER |
01437nam a22003615a 4500 |
| 001 |
5104 |
| 003 |
BD-DhAAL |
| 005 |
20150729113957.0 |
| 008 |
150729s2002 nyua bs i000 0 eng d |
| 010 |
|
|
|a 2001279303
|
| 020 |
|
|
|a 0195216067 (pbk.)
|
| 020 |
|
|
|a 0195216075 (clothbound)
|
| 040 |
|
|
|a DJB
|c DJB
|d DLC
|
| 082 |
|
|
|a 338.9172/4
|
| 245 |
0 |
0 |
|a Building institutions for markets.
|
| 260 |
|
|
|a New York :
|b Published for the World Bank, Oxford University Press,
|c c2002.
|
| 300 |
|
|
|a xii, 249 p. :
|b ill., maps ;
|c 27 cm.
|
| 490 |
|
|
|a World development report,
|v 2002
|x 0163-5085 ;
|
| 500 |
|
|
|a "This Report has been prepared by a team led by Roumeen Islam ..."--P. v.
|
| 500 |
|
|
|a "Selected world development indicators"--P. 229-241.
|
| 504 |
|
|
|a Includes bibliographical references (p. [195]-228).
|
| 530 |
|
|
|a Also available on the World Wide Web.
|
| 541 |
|
|
|e 5104
|
| 650 |
|
0 |
|a Institution building
|z Developing countries.
|9 13307
|
| 650 |
|
0 |
|a Equality
|z Developing countries.
|9 13308
|
| 650 |
|
0 |
|a Poverty
|z Developing countries.
|9 9449
|
| 651 |
|
0 |
|a Developing countries
|x Economic policy.
|9 13309
|
| 651 |
|
0 |
|a Developing countries
|x Social policy.
|9 7000
|
| 700 |
1 |
|
|a Islam, Roumeen.
|9 13310
|
| 710 |
2 |
|
|a World Bank
|9 13311
|
| 942 |
|
|
|2 ddc
|c BK
|
| 999 |
|
|
|c 35092
|d 35092
|
| 952 |
|
|
|0 0
|1 0
|2 ddc
|4 0
|6 338_917240000000000_BUI
|7 0
|9 55004
|a SCL
|b SCL
|c GEN
|d 2015-07-29
|l 0
|o 338.91724 BUI
|p 3020005104
|r 2015-07-29
|t 1
|w 2015-07-29
|y BK
|